[Event "Calvia Amateur op 20th"]
[Site "Calvia"]
[Date "2023.10.08"]
[Round "2"]
[White "Sureda Gonzalez, Cristina"]
[Black "Woudt, Edwin"]
[Result "0-1"]
[WhiteElo "1803"]
[BlackElo "2045"]
[PlyCount "110"]
[EventDate "2023.10.07"]
[EventType "swiss"]
[EventRounds "9"]
[EventCountry "ESP"]
[SourceTitle "Mega2024 Update 01"]
[Source "Chessbase"]
[SourceDate "2023.11.12"]
[SourceVersion "1"]
[SourceVersionDate "2023.11.12"]
[SourceQuality "1"]

1. e4 e5 2. Nf3 Nc6 3. Bb5 a6 4. Ba4 Nf6 5. 0-0 Be7 6. Re1 b5 7. Bb3 d6 8. c3 0-0 9. h3 Na5 10. Bc2 c5 11. d4 Qc7 12. Nbd2 cxd4 13. cxd4 Nc6 14. Nf1 exd4 15. Bb3 Na5 16. Nxd4 Nxb3 17. Qxb3 Re8 18. Bf4 Bd7 19. Ng3 Qb7 20. f3 Rad8 21. Rad1 g6 22. Nge2 d5 23. e5 Nh5 24. Bd2 Bh4 25. Rf1 Rxe5 26. Nf4 Nxf4 27. Bxf4 Ree8 28. Kh1 Bf6 29. Qd3 Rc8 30. b3 b4 31. Rc1 Qb6 32. Be3 Rxc1 33. Rxc1 Rxe3 34. Qxe3 Qxd4 35. Qxd4 Bxd4 36. Rd1 Bc3 37. Rxd5 Bb5 38. Kg1 Kf8 39. Kf2 Ke7 40. Ke3 Ke6 41. Rd8 h5 42. g4 h4 43. Rd1 a5 44. f4 f5 45. gxf5+ gxf5 46. Rg1 a4 47. Rg6+ Bf6 48. bxa4 Bxa4 49. Rg8 Bc6 50. Rb8 Be7 51. Rg8 Bd5 52. Kd4 Bxa2 53. Rb8 Bf6+ 54. Kd3 b3 55. Rb6+ Kf7 0-1

[Event "EU-ch U14 Girls 30th"]
[Site "Antalya"]
[Date "2022.11.13"]
[Round "8"]
[White "Sureda Gonzalez, Cristina"]
[Black "Galstyan, Maria"]
[Result "1-0"]
[WhiteElo "1660"]
[BlackElo "1521"]
[PlyCount "23"]
[EventDate "2022.11.06"]
[EventType "swiss"]
[EventRounds "9"]
[EventCountry "TUR"]
[SourceTitle "EXT 2024"]
[Source "ChessBase"]
[SourceDate "2023.10.10"]
[SourceVersion "1"]
[SourceVersionDate "2023.10.10"]
[SourceQuality "1"]

1. e4 e5 2. Nf3 Nc6 3. Bb5 a6 4. Ba4 Nf6 5. d3 b5 6. Bb3 d6 7. c3 Be6 8. Bc2 d5 9. exd5 Nxd5 10. 0-0 Bd6 11. Nbd2 0-0 12. Ne4 1-0

[Event "ESP-ch U16"]
[Site "Salobrena"]
[Date "2022.07.29"]
[Round "7"]
[White "Parra Ordorica, Arnau"]
[Black "Sureda Gonzalez, Cristina"]
[Result "1-0"]
[WhiteElo "2001"]
[BlackElo "1740"]
[PlyCount "93"]
[EventDate "2022.07.25"]
[EventType "swiss"]
[EventRounds "9"]
[EventCountry "ESP"]
[SourceTitle "EXT 2023"]
[Source "ChessBase"]
[SourceDate "2022.10.05"]
[SourceVersion "1"]
[SourceVersionDate "2022.10.05"]
[SourceQuality "1"]

1. d4 Nf6 2. c4 e6 3. Nc3 Bb4 4. Qc2 d5 5. cxd5 exd5 6. Nf3 c5 7. a3 Bxc3+ 8. bxc3 0-0 9. Bg5 h6 10. Bh4 c4 11. e3 Qb6 12. Nd2 Re8 13. Be2 Ne4 14. Bf3 Bf5 15. Bxe4 Bxe4 16. Nxe4 Rxe4 17. Bg3 Nd7 18. 0-0 Rae8 19. Rfb1 Qc6 20. a4 R4e7 21. Qb2 Nf6 22. Qb5 Qd7 23. Ra2 Ne4 24. Qxd7 Rxd7 25. Rc1 Re6 26. Rb2 Ra6 27. Ra2 Re7 28. Kf1 Rb6 29. Bb8 Rb3 30. Rac2 b6 31. f3 Nf6 32. Ke2 Rb7 33. Be5 Ra3 34. Rb2 Rxa4 35. Bxf6 gxf6 36. Rb5 Ra2+ 37. Kf1 Re7 38. Re1 Rc2 39. Rxd5 Rxc3 40. e4 Rc2 41. Rd8+ Kg7 42. Rd1 b5 43. d5 c3 44. d6 Rb7 45. d7 Rd2 46. Rxd2 cxd2 47. Rg8+ 1-0

[Event "ESP-ch U16"]
[Site "Salobrena"]
[Date "2022.07.25"]
[Round "1"]
[White "Revaliente Montoya, Ciro"]
[Black "Sureda Gonzalez, Cristina"]
[Result "1-0"]
[WhiteElo "2163"]
[BlackElo "1740"]
[PlyCount "107"]
[EventDate "2022.07.25"]
[EventType "swiss"]
[EventRounds "9"]
[EventCountry "ESP"]
[SourceTitle "EXT 2023"]
[Source "ChessBase"]
[SourceDate "2022.10.05"]
[SourceVersion "1"]
[SourceVersionDate "2022.10.05"]
[SourceQuality "1"]

1. e4 c5 2. Nc3 e6 3. Nf3 d6 4. d4 cxd4 5. Nxd4 Nf6 6. Be3 Be7 7. f3 Nc6 8. Qd2 Bd7 9. Ndb5 Qb8 10. 0-0-0 0-0 11. Nxd6 Rd8 12. Ndb5 Be8 13. Qf2 Rxd1+ 14. Nxd1 Qd8 15. Qd2 a6 16. Qxd8 Rxd8 17. Nbc3 Nd7 18. Be2 Bf6 19. f4 Bd4 20. e5 Nb6 21. Ne4 Nd5 22. Bd2 Nce7 23. c4 Nb6 24. b3 Bc6 25. Bf3 Nf5 26. Ng5 Bxf3 27. Nxf3 Bc5 28. g4 Ne7 29. Nc3 Nc6 30. Ne4 Ba3+ 31. Kc2 Nb4+ 32. Bxb4 Bxb4 33. Rd1 Rxd1 34. Kxd1 Nd7 35. Ne1 Nc5 36. Nxc5 Bxc5 37. Nd3 Bb6 38. c5 Bc7 39. Kc2 Kf8 40. Kc3 Ke7 41. Kc4 Kd7 42. a4 Kc6 43. Nb4+ Kd7 44. c6+ Kc8 45. Kc5 b6+ 46. Kc4 a5 47. Nd3 Bd8 48. b4 axb4 49. Kxb4 Kc7 50. Kb5 Be7 51. Nb2 Bc5 52. a5 Bd4 53. a6 Kb8 54. Nc4 1-0

[Event "ESP-ch U14"]
[Site "Salobrena"]
[Date "2022.07.22"]
[Round "8"]
[White "Sureda Gonzalez, Cristina"]
[Black "Gaspar Lopez, Daniel"]
[Result "0-1"]
[WhiteElo "1740"]
[BlackElo "1837"]
[PlyCount "152"]
[EventDate "2022.07.18"]
[EventType "swiss"]
[EventRounds "9"]
[EventCountry "ESP"]
[SourceTitle "EXT 2023"]
[Source "ChessBase"]
[SourceDate "2022.10.05"]
[SourceVersion "1"]
[SourceVersionDate "2022.10.05"]
[SourceQuality "1"]

1. e4 e5 2. Nf3 Nc6 3. Bb5 a6 4. Ba4 Nf6 5. d3 d6 6. c3 b5 7. Bc2 Be7 8. h3 Nb8 9. 0-0 0-0 10. Re1 Re8 11. Nbd2 Bb7 12. Nf1 Bf8 13. Ng3 g6 14. Bg5 h6 15. Be3 Bg7 16. Qd2 Kh7 17. Bb3 Qe7 18. Rad1 Nbd7 19. Qc1 Rad8 20. a3 Qf8 21. Qc2 d5 22. Ba2 Nc5 23. b4 Ncd7 24. Bb3 c5 25. bxc5 Nxc5 26. Bxc5 Qxc5 27. d4 exd4 28. e5 Ne4 29. cxd4 Qxc2 30. Bxc2 Nxg3 31. fxg3 Re6 32. Rc1 Bf8 33. Bb3 Bxa3 34. Rc7 Re7 35. Rxe7 Bxe7 36. Rc1 Rd7 37. Rc2 Bd8 38. Kf2 Kg7 39. Ke3 Rc7 40. Rc5 Rd7 41. Rc2 Bb6 42. Kd3 Rc7 43. Rxc7 Bxc7 44. Kc3 Ba5+ 45. Kd3 Kf8 46. g4 Ke7 47. Ke3 Bc3 48. Kd3 Ba5 49. Ke3 Bc6 50. Kd3 Bb4 51. Ng1 Ke6 52. Ne2 g5 53. Ng3 f6 54. exf6 Kxf6 55. Nf5 Bf8 56. Kc2 Ke6 57. Kb2 h5 58. Kc2 hxg4 59. hxg4 Be8 60. Kc3 Bg6 61. Ne3 Be4 62. Bc2 Bxc2 63. Kxc2 Kd6 64. Kb3 Kc6 65. Kb2 a5 66. Kb3 a4+ 67. Kc3 b4+ 68. Kc2 Bg7 69. Nf5 Bf6 70. Kb1 Bd8 71. Kc2 Bb6 72. Ne7+ Kb5 73. Nxd5 Bxd4 74. Nc7+ Kc4 75. Ne6 a3 76. Kb1 b3 0-1

[Event "ESP-ch U14"]
[Site "Salobrena"]
[Date "2022.07.20"]
[Round "5"]
[White "Carrasco Gomez, Ariadna"]
[Black "Sureda Gonzalez, Cristina"]
[Result "0-1"]
[WhiteElo "1366"]
[BlackElo "1740"]
[PlyCount "100"]
[EventDate "2022.07.18"]
[EventType "swiss"]
[EventRounds "9"]
[EventCountry "ESP"]
[SourceTitle "EXT 2023"]
[Source "ChessBase"]
[SourceDate "2022.10.05"]
[SourceVersion "1"]
[SourceVersionDate "2022.10.05"]
[SourceQuality "1"]

1. e4 c5 2. Nc3 Nc6 3. Bb5 g6 4. Bxc6 bxc6 5. f4 Bg7 6. Nf3 Nf6 7. 0-0 0-0 8. d3 d6 9. Qe1 Rb8 10. Qh4 e6 11. Rb1 Nh5 12. Qxd8 Rxd8 13. Ne2 Ba6 14. b3 c4 15. dxc4 Bxc4 16. Re1 c5 17. Be3 Bxe2 18. Rxe2 Nf6 19. e5 Nd5 20. Bd2 c4 21. Ree1 cxb3 22. cxb3 Rbc8 23. Rbc1 dxe5 24. fxe5 Bf8 25. Bg5 Re8 26. Nd2 h6 27. Bh4 Bb4 28. Rxc8 Rxc8 29. Re2 Rc2 30. Be1 Nf4 31. Re4 Bxd2 32. Bxd2 Rxd2 33. Rxf4 Rxa2 34. Ra4 Rb2 35. Rxa7 Rxb3 36. Ra8+ Kg7 37. Ra5 g5 38. Kf2 Kg6 39. g4 h5 40. gxh5+ Kxh5 41. Ra7 Kg6 42. Ra4 Rb5 43. Re4 Kf5 44. Ra4 Kxe5 45. Ra7 f5 46. Rg7 Kf4 47. Re7 Rb2+ 48. Kf1 e5 49. Rc7 Rxh2 50. Rc4+ e4 0-1

[Event "ESP-chT Regional U14"]
[Site "Gijon"]
[Date "2021.06.19"]
[Round "5.2"]
[White "Sureda Gonzalez, Cristina"]
[Black "Martino Girones, Gonzalo"]
[Result "1/2-1/2"]
[WhiteElo "1805"]
[BlackElo "1547"]
[PlyCount "63"]
[EventDate "2021.06.17"]
[EventType "team-swiss"]
[EventRounds "6"]
[EventCountry "ESP"]
[SourceTitle "EXT 2022"]
[Source "ChessBase"]
[SourceDate "2021.10.06"]
[SourceVersion "1"]
[SourceVersionDate "2021.10.06"]
[SourceQuality "1"]
[WhiteTeam "Baleares U14"]
[BlackTeam "Navarra U14"]
[WhiteTeamCountry "ESP"]
[BlackTeamCountry "ESP"]

1. e4 c5 2. Nf3 g6 3. d4 Bg7 4. c4 Qa5+ 5. Bd2 Qb6 6. Bc3 cxd4 7. Bxd4 Bxd4 8. Qxd4 Qxd4 9. Nxd4 Nc6 10. Nxc6 dxc6 11. Nc3 Be6 12. Rd1 Nf6 13. f3 Nd7 14. Be2 0-0-0 15. 0-0 g5 16. b4 Ne5 17. c5 Ng6 18. Rxd8+ Rxd8 19. Rd1 Rxd1+ 20. Bxd1 Nf4 21. Bc2 f6 22. a3 Bc4 23. Kf2 Nd3+ 24. Bxd3 Bxd3 25. Ne2 f5 26. exf5 Bxf5 27. Nd4 Bg6 28. Ne6 h6 29. Ke3 Bf7 30. Nd4 e6 31. Ke4 Kd7 32. Ke5 1/2-1/2

[Event "ESP-ch U12"]
[Site "Salobrena"]
[Date "2020.07.31"]
[Round "8"]
[White "Perea Fruet, Lorenzo"]
[Black "Sureda Gonzalez, Cristina"]
[Result "1-0"]
[WhiteElo "1808"]
[BlackElo "1587"]
[PlyCount "69"]
[EventDate "2020.07.27"]
[EventType "swiss"]
[EventRounds "9"]
[EventCountry "ESP"]
[SourceTitle "EXT 2021"]
[Source "ChessBase"]
[SourceDate "2020.10.23"]
[SourceVersion "1"]
[SourceVersionDate "2020.10.23"]
[SourceQuality "1"]

1. e4 c5 2. Nc3 Nc6 3. g3 g6 4. Bg2 Bg7 5. d3 e6 6. Be3 b6 7. Qd2 Bb7 8. Nge2 Nge7 9. Bh6 0-0 10. h4 Nc8 11. Bxg7 Kxg7 12. h5 Qf6 13. hxg6 fxg6 14. Qh6+ Kf7 15. Qxh7+ Qg7 16. 0-0-0 N8e7 17. f4 Rh8 18. Qxg7+ Kxg7 19. Nb5 d5 20. Nc7 Rac8 21. Nxe6+ Kf7 22. exd5 Nb4 23. Ng5+ Kg7 24. c4 Nxa2+ 25. Kb1 Nb4 26. Bh3 Nf5 27. Bxf5 gxf5 28. Nc3 a6 29. Na4 b5 30. Nb6 Rxh1 31. Rxh1 Rh8 32. Ne6+ Kg8 33. Rxh8+ Kxh8 34. Nxc5 bxc4 35. dxc4 1-0

[Event "ESP-ch U12"]
[Site "Salobrena"]
[Date "2020.07.28"]
[Round "3"]
[White "Sierra Vallina, Lionel"]
[Black "Sureda Gonzalez, Cristina"]
[Result "1-0"]
[WhiteElo "1804"]
[BlackElo "1587"]
[PlyCount "75"]
[EventDate "2020.07.27"]
[EventType "swiss"]
[EventRounds "9"]
[EventCountry "ESP"]
[SourceTitle "EXT 2021"]
[Source "ChessBase"]
[SourceDate "2020.10.23"]
[SourceVersion "1"]
[SourceVersionDate "2020.10.23"]
[SourceQuality "1"]

1. d4 Nf6 2. Nf3 e6 3. Bg5 Be7 4. e3 d5 5. Bd3 0-0 6. Nbd2 c5 7. c3 Nc6 8. Ne5 Nd7 9. Bxe7 Qxe7 10. f4 f6 11. Nxc6 bxc6 12. Qh5 f5 13. Nf3 Qe8 14. Qxe8 Rxe8 15. Kd2 Rb8 16. b3 a5 17. Rab1 cxd4 18. exd4 c5 19. c4 cxd4 20. Nxd4 Nc5 21. cxd5 Nxd3 22. Kxd3 exd5 23. Nc6 Ra8 24. Ne5 Bb7 25. Kd4 a4 26. b4 g6 27. Rhc1 Rac8 28. b5 a3 29. Rxc8 Rxc8 30. Rb3 Ra8 31. Kc5 d4 32. g3 Be4 33. Kxd4 Rd8+ 34. Kc5 Rc8+ 35. Nc6 Ra8 36. b6 Rc8 37. b7 Rxc6+ 38. Kb5 1-0

[Event "Campos Migjorn op"]
[Site "Campos"]
[Date "2019.09.28"]
[Round "8"]
[White "Cisneros Serra, Javier"]
[Black "Sureda Gonzalez, Cristina"]
[Result "0-1"]
[WhiteElo "1822"]
[BlackElo "1483"]
[PlyCount "71"]
[EventDate "2019.09.06"]
[EventType "swiss"]
[EventRounds "8"]
[EventCountry "ESP"]
[SourceTitle "EXT 2020"]
[Source "ChessBase"]
[SourceDate "2019.10.17"]
[SourceVersion "1"]
[SourceVersionDate "2019.10.17"]
[SourceQuality "1"]

1. e4 c5 2. Nf3 g6 3. c3 Nf6 4. d3 Nc6 5. g3 Bg7 6. Qe2 0-0 7. Bg2 d6 8. 0-0 Qc7 9. Rd1 e6 10. d4 cxd4 11. cxd4 d5 12. e5 Nd7 13. Nc3 a6 14. Bf4 b5 15. Rac1 Bb7 16. Qd2 Nb6 17. b3 Qd7 18. Bh6 Rac8 19. h4 Ne7 20. Bxg7 Kxg7 21. Qg5 Ng8 22. Ne2 Qe7 23. Qd2 Nh6 24. Nf4 Nf5 25. Qa5 Na8 26. Nd3 Rfe8 27. Nc5 Nxd4 28. Nxa6 Ne2+ 29. Kh2 Nxc1 30. Qxb5 Nxa2 31. Qa5 Nc1 32. Nd4 Qd8 33. Qa3 Bxa6 34. Qxa6 Qb6 35. Qa3 Qc5 36. b4 0-1

[Event "Mallorca-ch (Women)"]
[Site "Mallorca"]
[Date "2019.04.20"]
[Round "2"]
[White "Tomas Viver, Marta"]
[Black "Sureda Gonzalez, Cristina"]
[Result "1/2-1/2"]
[WhiteElo "1251"]
[BlackElo "1383"]
[PlyCount "88"]
[EventDate "2019.04.19"]
[EventType "swiss"]
[EventRounds "5"]
[EventCountry "ESP"]
[SourceTitle "EXT 2024"]
[Source "ChessBase"]
[SourceDate "2023.10.10"]
[SourceVersion "1"]
[SourceVersionDate "2023.10.10"]
[SourceQuality "1"]

1. d4 Nf6 2. Nf3 e6 3. Bf4 d5 4. e3 c5 5. c3 Nc6 6. Bd3 Bd6 7. Ne5 Qc7 8. Bb5 0-0 9. Bxc6 bxc6 10. Nd2 Nd7 11. Ndf3 Ba6 12. Qc2 Nf6 13. dxc5 Bxe5 14. Bxe5 Qd8 15. Ng5 g6 16. h4 h5 17. Rh3 Nh7 18. Nxe6 Qe7 19. Nxf8 Qxe5 20. Nxh7 Kxh7 21. Rf3 Qe7 22. Rd1 Bc8 23. Rd4 Bg4 24. Rff4 Rf8 25. b4 Qxh4 26. Qa4 Kg7 27. g3 Qh1+ 28. Kd2 Qf1 29. Kc2 Bf5+ 30. Rxf5 gxf5 31. Rd2 Qc4 32. Qxa7 Qe4+ 33. Kb2 Qe6 34. Qc7 Ra8 35. Qf4 f6 36. Qc7+ Kg6 37. Qb7 Qe8 38. Qc7 Qe6 39. Rd4 Rc8 40. Qf4 Rd8 41. Qf3 Ra8 42. Rh4 Rh8 43. Qf4 Ra8 44. Qf3 Rh8 1/2-1/2

[Event "Mallorca-ch (Women)"]
[Site "Mallorca"]
[Date "2019.04.19"]
[Round "1"]
[White "Sureda Gonzalez, Cristina"]
[Black "Garcia Feore, Monica"]
[Result "1/2-1/2"]
[WhiteElo "1383"]
[BlackElo "1065"]
[PlyCount "39"]
[EventDate "2019.04.19"]
[EventType "swiss"]
[EventRounds "5"]
[EventCountry "ESP"]
[SourceTitle "EXT 2024"]
[Source "ChessBase"]
[SourceDate "2023.10.10"]
[SourceVersion "1"]
[SourceVersionDate "2023.10.10"]
[SourceQuality "1"]

1. e4 e5 2. Nf3 Nc6 3. d4 exd4 4. Bc4 Nf6 5. 0-0 Bc5 6. e5 Ng4 7. Bf4 0-0 8. h3 d5 9. exd6 Nf6 10. dxc7 Qd7 11. Bb5 Bd6 12. Bxd6 Qxd6 13. c3 Qxc7 14. Nxd4 Nxd4 15. Qxd4 Bd7 16. Bxd7 Nxd7 17. Nd2 Rfe8 18. Rfe1 Ne5 19. Nb3 b6 20. Qh4 1/2-1/2